Statistics for Baby Netflix Series

Click here to take the quiz!

General Stats

  • This quiz has been taken 96 times
  • The average score is 10 of 20

Answer Stats

HintAnswer% Correct
Known as 'Emma'Chiara
98%
Known as 'Désirée'Ludovica
82%
Destroys director's office in Season 1Niccolo
80%
Emma's best friend at the beginning of the seriesCamilla
79%
Main character (male)Damiano
77%
Curly hair, friend with character aboveBrando
65%
Organizes Emma & Desirée's appointementsFiore
59%
Girlfriend of recurrent character / pretends to be pregnantVirginia
59%
Son of character aboveFabio
58%
Sport teacher / stepmom of main characterMonica
53%
Other prostitute 2Sofia
42%
Director of the school (family name)Fedeli
39%
Was supervising character above in Season 1Saverio
39%
Boyfriend of character aboveAlessandro
35%
Other prostitute 1Natalia
35%
Mom of character aboveSimonetta
32%
Emma's momElsa
26%
Dad of character aboveKhalid
26%
Sister of character abovePerla
20%
Emma's dadArturo
18%

Score Distribution

Percentile by Number Answered

Percent of People with Each Score

Your Score History

You have not taken this quiz